Palabra de Maestro. Informe de la consulta sobre la participación de los maestros en la Reforma de la Educación en Centroamérica y percepción de los mismos sobre la situación de la Educación en la Región

Bibliographic Details
Main Author: De Castilla Urbina, Miguel
Format: Section = Libro
Language:Undetermined
Spanish
Published: Managua UCA/IDEUCA 2001
Subjects:
LEADER 00805nam a2200205Ia 4500
008 240829s9999 xx 000 0 und d
040 |a BIBLIOTECA-RUSB/ Ref 370 D291 
041 |a spa 
082 |a Ref 370 D291 
100 1 |a De Castilla Urbina, Miguel 
245 1 0 |a Palabra de Maestro. Informe de la consulta sobre la participación de los maestros en la Reforma de la Educación en Centroamérica y percepción de los mismos sobre la situación de la Educación en la Región 
260 |a Managua  |b UCA/IDEUCA  |c 2001 
300 |a 352 p. :il. 
650 7 |a EDUCACION - MAESTROS - CENTROAMERICA 
650 7 |b  REFORMA EDUCATIVA - CENTROAMERICA 
650 7 |c  PROCESOS DE EJECUCION - POLITICAS EDUCATIVAS 
650 7 |d  EDUCATIVAS - MAESTROS - NICARAGUA 
942 |c BK  |2 ddc 
991 |a TEXTO 
999 |c 5925